|
|
|
|
| LEADER |
01603nam a2200325 u 4500 |
| 001 |
10119980 |
| 003 |
upatras |
| 005 |
20210117205831.0 |
| 008 |
160420s2006 uk eng |
| 020 |
|
|
|a 0415268125
|q ((hbk. : alk. paper))
|
| 020 |
|
|
|a 0415268133
|q ((pbk. : alk. paper))
|
| 040 |
|
|
|a GR-PaULI
|c GR-PaULI
|
| 041 |
1 |
|
|a eng
|
| 082 |
1 |
4 |
|a 792.0223094
|2 22
|
| 100 |
1 |
|
|a Lehmann, Hans-Thies
|4 aut
|9 8090
|
| 245 |
1 |
0 |
|a Postdramatic theatre
|c Hans-Thies Lehmann; translated and with an introduction by Karen Jurs-Munby.
|
| 260 |
|
|
|a London ;
|a New York
|b Routledge
|c 2006
|
| 300 |
|
|
|a x, 214 p.
|c 24 cm.
|
| 504 |
|
|
|a Includes bibliographical references (p. [200]-207) and index.
|
| 505 |
0 |
|
|a Drama -- Prehistories -- Panorama of postdramatic theatre -- Performance -- Aspects : text - space - time - body - media.
|
| 650 |
|
4 |
|a Θέατρο
|x Ιστορία
|y 20ος αιώνας
|z Γερμανία
|9 150231
|
| 650 |
|
4 |
|a Πειραματικό θέατρο
|y 20ος αιώνας
|z Γαλλία
|9 150232
|
| 650 |
|
4 |
|a Γερμανικό δράμα
|y 20ός αι.
|x Ιστορία και κριτική
|9 150233
|
| 650 |
|
4 |
|a Θέατρο
|x Ιστορία
|z Γερμανία
|9 141092
|
| 700 |
1 |
|
|a Jurs-Munby, Karen
|4 trl
|4 aui
|9 150234
|
| 852 |
|
|
|a GR-PaULI
|b ΠΑΤΡΑ
|b ΘΕΑΤΡΟΛΟΓΙΑ
|k ΑΣΧΞ-3
|h 792.0233094 LEH
|m 008068
|p 025000138250
|t 1
|
| 942 |
|
|
|2 ddc
|c BK15
|
| 952 |
|
|
|0 0
|1 0
|4 0
|6 792_023309400000000_LEH
|7 0
|9 192796
|a THST
|b THST
|d 2016-04-24
|i 008068
|l 1
|o 792.0233094 LEH
|p 025000138250
|r 2022-06-20 00:00:00
|s 2022-06-07
|t 1
|w 2016-04-24
|y BK15
|
| 998 |
|
|
|c ΜΑΝΙΑ
|d 2016-04
|
| 999 |
|
|
|c 118217
|d 118217
|